[Event "Summer Prague Open A 2020"]
[Site "Prague"]
[Date "2020.08.09"]
[Round "3.3"]
[White "Petr, Martin"]
[Black "Schernthaner, David"]
[Result "1-0"]
[WhiteElo "2464"]
[BlackElo "2220"]
[Annotator "TA"]
[PlyCount "109"]
[EventDate "2020.08.08"]
[EventCountry "CZE"]
[SourceTitle "playchess.com"]
[Source "ChessBase"]
[SourceQuality "1"]

{[%evp 9,109,-7,4,4,18,19,18,16,8,9,33,30,31,5,43,39,40,37,33,0,12,0,54,55,88,80,81,81,68,72,76,81,73,85,79,64,70,57,75,86,67,32,116,111,127,113,113,113,124,93,105,81,183,177,177,179,172,166,210,241,216,216,479,179,298,202,205,172,155,91,184,68,83,12,105,127,202,106,394,405,379,379,426,448,439,429,413,324,323,314,1495,1495,1342,1277,1208,1193,2814,1761,4631,4627,29976,29966]} 1. e4 c5 2. Be2 Nc6 3. f4 e6 4. Nf3 d5 5. d3 Nf6 6. e5 {B21: Sicilian: 2 f4 and Morra Gambit.} Ng8 7. c3 Nh6 8. Na3 {The position is equal.} Nf5 9. Nc2 Be7 10. O-O h5 {[#]} 11. Ne3 $146 ({Predecessor:} 11. g3 Bd7 12. Bd2 Qb6 13. Rb1 O-O-O 14. Be1 Rdg8 15. Bf2 f6 16. b4 Qc7 17. b5 {0-1 (45) Fehres,W (2022)-Rapoport,V (2253) Offenbach 2005}) 11... Nxe3 12. Bxe3 g6 13. d4 cxd4 14. cxd4 Bd7 15. a3 b5 (15... a6 $11) 16. Bxb5 $14 Nxe5 17. fxe5 Bxb5 18. Rf2 h4 19. a4 Ba6 20. b4 Bc4 ({Don't blunder} 20... Bxb4 $2 21. Ng5 $18) 21. b5 a6 22. bxa6 Rxa6 23. Nd2 Rh5 24. Nxc4 dxc4 25. Qf1 Rf5 (25... Qd5 $1 $14) 26. Qxc4 $16 Rxf2 27. Bxf2 Qa8 28. h3 Kf8 29. Be3 Kg7 30. Bd2 Rc6 (30... Qe4 $16 31. Qc3 Qd5) 31. Qd3 $18 Bd8 32. a5 Ra6 33. Kh1 Qa7 34. d5 exd5 35. Qxd5 Bc7 $2 (35... Be7 36. Rf1 Re6) 36. Bc3 $2 (36. Rf1 Bxa5 37. e6 $1 {[%mdl 512]} (37. Bxa5 Rxa5 38. Qd8 Ra1 $11) 37... fxe6 38. Qf3) 36... Re6 (36... Qe3 $142 37. Qf3 Qxf3 38. gxf3 g5) 37. Qd7 Bb8 38. Qxa7 Bxa7 {[%mdl 4096] Endgame KRB-KRB} 39. a6 (39. Rf1 $142) 39... g5 (39... Kh6 $16 {was necessary.}) 40. g3 (40. Rf1 $1 $18) 40... hxg3 41. Be1 ({White should try} 41. Kg2 $16) 41... Kg6 (41... f6 $11 {keeps the balance.}) 42. Bxg3 $16 f6 (42... Kf5 $16 43. Ra2 Rc6) 43. exf6 ({White should play} 43. Kg2 $1 $18) 43... Kxf6 $2 {[%mdl 8192] [#] Loses the game.} (43... Rxf6 $16 44. Kg2 Rf7) 44. Ra2 $1 $18 g4 {[#]} 45. h4 $1 Kg6 46. Kg2 Rf6 47. Ra4 Kh5 48. Ra5+ Kh6 49. Be5 Rc6 $2 (49... Rf3 50. Bg3 Kg7) 50. Kg3 Kg6 {[#]} 51. h5+ $1 {[%mdl 512]} Kf7 (51... Kxh5 52. Bd4+) 52. Kxg4 Ke7 53. Bf4 Kf6 54. h6 Kg6 55. Rg5+ {Accuracy: White = 71%, Black = 48%.} 1-0

[Event "Summer Prague Open A 2020"]
[Site "Prague"]
[Date "2020.08.09"]
[Round "3.4"]
[White "Mueer, Sebastian"]
[Black "Cernousek, Lukas"]
[Result "1/2-1/2"]
[WhiteElo "2210"]
[BlackElo "2458"]
[Annotator "TA"]
[PlyCount "36"]
[EventDate "2020.08.08"]
[EventCountry "CZE"]
[SourceTitle "playchess.com"]
[Source "ChessBase"]
[SourceQuality "1"]

{[%evp 22,36,28,28,27,9,32,0,13,0,0,3,25,22,40,17,20]} 1. Nf3 c5 2. c4 Nc6 3. Nc3 g6 4. e3 Nf6 5. d4 cxd4 6. exd4 d5 7. cxd5 Nxd5 8. Qb3 Nxc3 9. Bc4 Nd5 10. Bxd5 e6 11. Bxc6+ bxc6 12. O-O Qd5 {A35: Symmetrical English: 2 Nc3 Nc6 3 Nf3.} 13. Qc3 {[#]} Bb7 $146 ({Predecessor:} 13... Bg7 14. Bf4 O-O 15. Qe3 Qb5 16. Bh6 Qxb2 17. Rfb1 Qc2 18. Rc1 Qb2 19. h4 f6 20. h5 gxh5 21. Bxg7 Kxg7 {0-1 (46) Fressinet,L (2714)-Parligras,M (2618) Istanbul 2012}) 14. Be3 Bd6 15. Rfc1 O-O 16. Qc4 f6 17. Nd2 Rae8 18. Nb3 Rf7 {An uneventful encounter. Accuracy: White = 84%, Black = 100%.} 1/2-1/2

[Event "Summer Prague Open A 2020"]
[Site "Prague"]
[Date "2020.08.09"]
[Round "3.5"]
[White "Schnider, Gert"]
[Black "Houska, Jiri"]
[Result "1-0"]
[WhiteElo "2423"]
[BlackElo "2202"]
[Annotator "TA"]
[PlyCount "73"]
[EventDate "2020.08.08"]
[EventCountry "CZE"]
[SourceTitle "playchess.com"]
[Source "ChessBase"]
[SourceQuality "1"]

{[%evp 26,73,47,41,25,27,60,54,54,50,56,57,62,63,54,28,29,9,9,12,19,0,0,0,34,18,73,53,210,195,222,233,233,227,211,214,222,210,228,218,215,184,633,620,838,835,912,907,902,868]} 1. e4 c5 2. Nf3 d6 3. d4 cxd4 4. Nxd4 Nf6 5. Nc3 g6 6. Be3 Bg7 7. f3 O-O 8. Qd2 Nc6 9. O-O-O d5 10. exd5 Nxd5 11. Nxc6 bxc6 12. Bd4 Bxd4 13. Qxd4 Qb6 14. Na4 Qa5 {next ...e5! is good for Black. B76: Sicilian Dragon: Yugoslav Attack, 9 g4 and 9 0-0-0.} 15. b3 Bf5 16. Qc5 Qxc5 {White is slightly better.} 17. Nxc5 Nc3 18. Re1 Nxa2+ 19. Kb2 Nb4 20. c3 {[%mdl 1024] White has compensation.} Nd5 {[#]} 21. c4 $146 {[%mdl 2048] White is pushing.} ({Predecessor:} 21. g4 Bc8 22. c4 Nf4 23. Rxe7 Rd8 24. Kc2 a5 25. Re3 Ne6 26. Na4 Rb8 27. Kc3 {1-0 (50) Bujnoch,R (2234)-Kukel,I (2328) Pardubice 2006}) 21... Nb4 22. g4 Be6 23. h3 a5 24. Ra1 Rfd8 {With the idea ...Rd2+.} 25. Kc3 Bc8 (25... h5 $11) 26. Be2 Kf8 $2 {[#] This move loses the game for Black.} (26... Ra7 $14) 27. Ra3 $18 Na6 28. Rxa5 Nc7 29. Rxa8 Nxa8 30. Ra1 Nb6 31. Ra7 Ke8 32. f4 Rd6 33. Kb4 Rf6 $2 (33... Kd8 34. Bf3 Nd7) 34. Ka5 {White is clearly winning.} Nxc4+ 35. Bxc4 Rxf4 {[#]} 36. Ra8 $1 {[%cal Ra8c8]} Kd8 37. Ba6 {Accuracy: White = 95%, Black = 58%.} 1-0

[Event "Summer Prague Open A 2020"]
[Site "Prague"]
[Date "2020.08.09"]
[Round "3.6"]
[White "Vorisek, Jakub"]
[Black "Roseneck, Jonas"]
[Result "0-1"]
[WhiteElo "2205"]
[BlackElo "2416"]
[Annotator "TA"]
[PlyCount "112"]
[EventDate "2020.08.08"]
[EventCountry "CZE"]
[SourceTitle "playchess.com"]
[Source "ChessBase"]
[SourceQuality "1"]

{[%evp 10,112,27,6,14,0,0,0,0,0,0,-61,14,19,19,0,0,-14,0,0,-8,-88,-80,-88,-79,-90,-89,-79,-32,-32,-27,-33,0,-33,-35,-43,-35,-35,-44,-39,-46,-43,-50,-60,-62,-102,-100,-116,-104,-92,-61,-64,-45,-109,-57,-106,-102,-108,-16,-16,-16,-16,-16,-24,-24,-24,-16,-16,0,-24,-24,-24,-16,-16,-16,-16,-16,-36,0,0,0,0,0,-29,-33,-58,0,0,0,0,0,0,0,0,0,0,0,0,0,-62,-62,-1175,-893,-12838,-12838]} 1. e4 c5 2. Nf3 d6 3. d4 cxd4 4. Nxd4 Nf6 5. Nc3 a6 6. a3 e5 {B90: Sicilian Najdorf: Unusual White 6th moves, 6 Be3 Ng4 and 6 Be3 e5.} 7. Nf5 d5 8. Bg5 {[%cal Rc3d5]} d4 $1 {[%cal Rd4c3] The position is equal.} 9. Bxf6 $1 gxf6 10. Ne2 (10. Na2 $11) 10... Bxf5 (10... Qb6 $15 11. b4 Qc7) 11. exf5 $11 {[#]} Qa5+ $146 ({Predecessor:} 11... Qb6 12. Ng3 Nd7 13. Bc4 h5 14. Qf3 h4 15. Ne2 Rc8 16. b3 Qa5+ 17. c3 b5 {1-0 (38) Sierra Montoya,M (2131)-Montilla Carrillo,E (2187) Barcelona 2020}) 12. Qd2 Qb6 13. b4 Nc6 {[%cal Rc6b4]} 14. g3 a5 {[%cal Ra5b4]} 15. bxa5 (15. b5 $1 $11 {keeps the balance.} Qxb5 16. Bg2) 15... Rxa5 $17 16. Bg2 {[#]} Bb4 $1 {[%cal Rb4d2][%mdl 512]} 17. c3 (17. axb4 Rxa1+) 17... dxc3 ({Much worse is} 17... Bxa3 $6 18. O-O $11) ({Don't play} 17... Rxa3 $6 18. Rxa3 Bxa3 19. O-O $11) 18. Qc2 Rxa3 (18... Nd4 {feels hotter.} 19. Nxd4 exd4 20. O-O Bxa3 21. Rfb1 Bb2) 19. Rxa3 Bxa3 20. O-O Bb4 {Hoping for ...0-0.} 21. Nxc3 (21. Rb1 {seems wilder.} O-O 22. Bxc6 bxc6 23. Qe4 Rb8 24. Nxc3 Bxc3 25. Rxb6 Rxb6 26. f4) 21... Bxc3 22. Qxc3 O-O $36 {[%mdl 2048] Black has good play.} 23. Qf3 Nd4 24. Qxb7 Qxb7 25. Bxb7 Nxf5 $15 {[%mdl 4096] Endgame KRB-KRN} 26. Rd1 Nd4 27. g4 Rb8 28. Be4 Kg7 29. Kg2 Rb4 30. Rd2 Rb3 31. f3 {[#]} (31. Ra2 $15) 31... Re3 (31... h5 $1 $17 {[%mdl 512]} 32. Ra2 (32. gxh5 f5) 32... hxg4 33. fxg4 Ne6) 32. Kf2 Rc3 33. h4 {[#]} h6 (33... h5 $1 $17 {[%mdl 512]} 34. Rd1 (34. gxh5 Kh6) 34... hxg4 35. fxg4 Rh3) 34. h5 $11 Ra3 35. Rb2 Ra7 36. Rb6 Ra2+ 37. Ke3 Ra3+ 38. Kf2 Rb3 39. Ra6 Rb2+ 40. Ke3 Ne6 {And now ...Nf4 would win.} 41. Rd6 Nf4 {[%csl Gf4][%cal Rb2e2]} 42. Rd2 $1 {[%cal Rd2b2]} Ng2+ (42... Rb3+ {keeps more tension.} 43. Kf2 Nh3+ 44. Kg2 Ng5 45. Kf2 Ra3) 43. Kd3 Rxd2+ 44. Kxd2 $15 {KB-KN} Kf8 45. Kd3 Ke7 46. Kc4 Kd6 47. Kd3 Nf4+ (47... Nh4 $1 $15) 48. Ke3 $11 Kc5 49. Bh7 Kd5 50. Bg8 Ke6 51. Bh7 $1 Nd5+ 52. Kd3 $1 Ne7 53. Ke4 $1 Kd6 54. f4 (54. Bf5 $11) 54... Ke6 $15 {...exf4 is the strong threat.} 55. Kf3 $2 {[%mdl 8192] [#]} (55. g5 $15 fxg5 56. fxe5) 55... exf4 $1 $19 56. Kxf4 {[#]} f5 $1 {[%mdl 512] Accuracy: White = 70%, Black = 83%.} 0-1

[Event "Summer Prague Open A 2020"]
[Site "Prague"]
[Date "2020.08.09"]
[Round "3.7"]
[White "Miedema, David"]
[Black "Richter, Philipp"]
[Result "1/2-1/2"]
[WhiteElo "2382"]
[BlackElo "2127"]
[Annotator "RC"]
[PlyCount "53"]
[EventDate "2020.08.08"]
[EventCountry "CZE"]
[SourceTitle "playchess.com"]
[Source "ChessBase"]
[SourceQuality "1"]
[TimeControl "40/5400+30:1800+30"]

1. e4 {[%emt 0:03:49]} e6 {[%emt 0:00:00]} 2. d4 {[%emt 0:00:04]} d5 {[%emt 0:00:00]} 3. Nc3 {[%emt 0:00:06]} Bb4 {[%emt 0:00:00]} 4. e5 {[%emt 0:00:04]} Ne7 {[%emt 0:00:00]} 5. a3 {[%emt 0:00:02]} Bxc3+ {[%emt 0:00:00]} 6. bxc3 {[%emt 0:00:03]} c5 {[%emt 0:00:00]} 7. h4 {[%emt 0:00:59]} Qc7 {[%emt 0:00:01]} 8. h5 {[%emt 0:00:13]} cxd4 {[%emt 0:00:13]} 9. cxd4 {[%emt 0:00:10]} Qc3+ {[%emt 0:00:06]} 10. Bd2 {[%emt 0:00:03]} Qxd4 {[%emt 0:00:05]} 11. Nf3 {[%emt 0:00:05]} Qe4+ {[%emt 0:00:10]} 12. Be2 {[%emt 0:00:05]} Nf5 {[%emt 0:00:05]} 13. Kf1 {[%emt 0:06:02]} b6 {[%emt 0:00:11]} 14. Bb5+ {[%emt 0:09:21]} Nd7 {[%emt 0:00:08]} 15. Rb1 {[%emt 0:00:58]} a5 {[%emt 0:13:55]} 16. Kg1 {[%emt 0:09:37]} h6 {[%emt 0:09:26]} 17. Bc6 {[%emt 0:07:43]} Ra7 {[%emt 0:04:09]} 18. Rxb6 {[%emt 0:04:38]} O-O {[%emt 0:00:58]} 19. Rb3 {[%emt 0:05:07]} Nxe5 {[%emt 0:06:47]} 20. Nxe5 {[%emt 0:05:36]} Qxe5 {[%emt 0:00:08]} 21. Bb5 {[%emt 0:00:05]} Ba6 {[%emt 0:10:36]} 22. Bxa6 {[%emt 0:04:36]} Rxa6 {[%emt 0:00:11]} 23. g4 {[%emt 0:00:04]} Nd4 {[%emt 0:09:55]} 24. Re3 {[%emt 0:03:11]} Qf6 {[%emt 0:06:34]} 25. c3 {[%emt 0:03:47]} Nc6 {[%emt 0:01:46]} 26. Rg3 {[%emt 0:04:10]} Rb6 {[%emt 0:08:41]} 27. g5 {[%emt 0:08:48]} 1/2-1/2

[Event "Summer Prague Open A 2020"]
[Site "Prague"]
[Date "2020.08.09"]
[Round "3.8"]
[White "Post, Hugo"]
[Black "Hrabusa, Matej"]
[Result "0-1"]
[WhiteElo "2203"]
[BlackElo "2350"]
[Annotator "ChessBase"]
[PlyCount "82"]
[EventDate "2020.08.08"]
[EventCountry "CZE"]
[SourceTitle "playchess.com"]
[Source "ChessBase"]
[SourceQuality "1"]
[TimeControl "40/5400+30:1800+30"]

1. e4 {[%emt 0:00:00]} c5 {[%emt 0:00:00]} 2. Nf3 {[%emt 0:00:00]} d6 {[%emt 0:00:00]} 3. d4 {[%emt 0:00:00]} cxd4 {[%emt 0:00:04]} 4. Nxd4 {[%emt 0:00:00]} Nf6 {[%emt 0:00:09]} 5. Nc3 {[%emt 0:00:00]} a6 {[%emt 0:00:39]} 6. f3 {[%emt 0:00:20]} e5 {[%emt 0:00:08]} 7. Nb3 {[%emt 0:00:04]} Be6 {[%emt 0:00:16]} 8. Be3 {[%emt 0:00:11]} h5 {[%emt 0:01:16]} 9. Nd5 {[%emt 0:00:46]} Bxd5 {[%emt 0:00:39]} 10. exd5 {[%emt 0:00:07]} Nbd7 {[%emt 0:00:17]} 11. Be2 {[%emt 0:02:07]} g6 {[%emt 0:00:57]} 12. Qd2 {[%emt 0:00:15]} Qc7 {[%emt 0:01:18]} 13. O-O {[%emt 0:01:25]} Nb6 {[%emt 0:07:36]} 14. Bg5 {[%emt 0:23:12]} Nfxd5 {[%emt 0:10:07]} 15. c4 {[%emt 0:01:33]} Ne7 {[%emt 0:01:40]} 16. Rac1 {[%emt 0:02:17]} Bg7 {[%emt 0:17:17]} 17. Rfd1 {[%emt 0:07:00]} Nbc8 {[%emt 0:00:46]} 18. a4 {[%emt 0:18:22]} O-O {[%emt 0:02:50]} 19. a5 {[%emt 0:01:55]} Re8 {[%emt 0:06:57]} 20. Bd3 {[%emt 0:04:21]} b6 {[%emt 0:07:13]} 21. Be4 {[%emt 0:03:45]} Rb8 {[%emt 0:00:30]} 22. Be3 {[%emt 0:01:04]} f5 {[%emt 0:08:22]} 23. Bd5+ {[%emt 0:01:19]} Kh7 {[%emt 0:01:11]} 24. axb6 {[%emt 0:05:25]} Nxb6 {[%emt 0:00:57]} 25. Bf7 {[%emt 0:01:11]} Red8 {[%emt 0:02:38]} 26. Bg5 {[%emt 0:04:31]} Na4 {[%emt 0:03:56]} 27. Qa5 {[%emt 0:04:09]} Qa7+ {[%emt 0:02:29]} 28. c5 {[%emt 0:00:07]} Nxb2 {[%emt 0:01:17]} 29. Rd2 {[%emt 0:00:07]} Nc6 {[%emt 0:00:50]} 30. Qa3 {[%emt 0:02:09]} Qxf7 {[%emt 0:00:54]} 31. Rxb2 {[%emt 0:00:18]} e4 {[%emt 0:05:44]} 32. Rbb1 {[%emt 0:00:10]} Nd4 {[%emt 0:01:42]} 33. Bxd8 {[%emt 0:05:43]} Ne2+ {[%emt 0:00:12]} 34. Kh1 {[%emt 0:00:04]} Nxc1 {[%emt 0:00:09]} 35. Rxc1 {[%emt 0:02:53]} Rxb3 {[%emt 0:02:07]} 36. Qxa6 {[%emt 0:00:14]} exf3 {[%emt 0:03:21]} 37. Qxd6 {[%emt 0:01:01]} Qc4 {[%emt 0:01:26]} 38. Qd1 {[%emt 0:02:59]} fxg2+ {[%emt 0:00:14]} 39. Kg1 {[%emt 0:01:13]} Bd4+ {[%emt 0:00:18]} 40. Kxg2 {[%emt 0:00:25]} Qd5+ {[%emt 0:00:15]} 41. Kf1 {[%emt 0:30:22]} Qh1+ {[%emt 0:30:35]} 0-1

[Event "Summer Prague Open A 2020"]
[Site "Prague"]
[Date "2020.08.09"]
[Round "3.9"]
[White "Ludvik, Tomas"]
[Black "Malassagne, Raphael"]
[Result "1/2-1/2"]
[WhiteElo "2202"]
[BlackElo "2305"]
[Annotator "ChessBase"]
[PlyCount "64"]
[EventDate "2020.08.08"]
[EventCountry "CZE"]
[SourceTitle "playchess.com"]
[Source "ChessBase"]
[SourceQuality "1"]
[TimeControl "40/5400+30:1800+30"]

1. d4 d5 2. c4 c6 3. Nf3 Nf6 4. Nc3 a6 5. e3 g6 6. Bd3 Bg7 7. O-O O-O 8. h3 Bf5 9. Bxf5 gxf5 10. Qb3 Ra7 11. cxd5 cxd5 12. Bd2 e6 13. Rfc1 Nc6 14. Na4 Ne4 15. Be1 Kh8 16. Nc5 Qe7 17. Rc2 Rg8 18. Qb6 Nxc5 19. Qxc5 Qxc5 20. Rxc5 Bf8 21. Rc2 Bd6 22. Bd2 Kg7 23. Kf1 Kf6 24. Rb1 a5 25. b3 h5 26. a4 Ke7 27. g3 Kd7 28. Ke2 Ra6 29. h4 Rb8 30. Bc3 b5 31. axb5 Rxb5 32. Nd2 a4 1/2-1/2

[Event "Summer Prague Open A 2020"]
[Site "Prague"]
[Date "2020.08.09"]
[Round "3.10"]
[White "Haack, Kevin"]
[Black "Mladek, Richard"]
[Result "1/2-1/2"]
[WhiteElo "2180"]
[BlackElo "2280"]
[Annotator "ChessBase"]
[PlyCount "66"]
[EventDate "2020.08.08"]
[EventCountry "CZE"]
[SourceTitle "playchess.com"]
[Source "ChessBase"]
[SourceQuality "1"]
[TimeControl "40/5400+30:1800+30"]

1. c4 Nf6 2. Nc3 g6 3. g3 Bg7 4. Bg2 O-O 5. Rb1 c6 6. e4 d6 7. Nge2 e5 8. O-O a5 9. a3 Be6 10. d3 Na6 11. h3 d5 12. exd5 cxd5 13. f4 dxc4 14. fxe5 cxd3 15. exf6 dxe2 16. Nxe2 Qxd1 17. Rxd1 Bxf6 18. Bxb7 Ra7 19. Bf3 Bxh3 20. Bh6 Bg7 21. Bxg7 Kxg7 22. g4 h5 23. gxh5 Bf5 24. Rbc1 Rb8 25. Rd2 Rc7 26. Rxc7 Nxc7 27. Nd4 Bd7 28. hxg6 Kxg6 29. Bc6 Bxc6 30. Nxc6 Rb5 31. Rd7 Ne6 32. Ra7 Rxb2 33. Rxa5 Ra2 1/2-1/2

[Event "Summer Prague Open A 2020"]
[Site "Prague"]
[Date "2020.08.09"]
[Round "3.11"]
[White "Kanakova, Natalie"]
[Black "Cap, Adam"]
[Result "0-1"]
[WhiteElo "2162"]
[BlackElo "2278"]
[Annotator "ChessBase"]
[PlyCount "102"]
[EventDate "2020.08.08"]
[EventCountry "CZE"]
[SourceTitle "playchess.com"]
[Source "ChessBase"]
[SourceQuality "1"]
[TimeControl "40/5400+30:1800+30"]

1. c4 Nf6 2. Nc3 g6 3. g3 Bg7 4. Bg2 O-O 5. e4 d6 6. Nge2 c5 7. O-O Nc6 8. d3 a6 9. Be3 Rb8 10. a4 Ne8 11. d4 cxd4 12. Nxd4 Nc7 13. a5 Nxd4 14. Bxd4 Bxd4 15. Qxd4 Ne6 16. Qe3 b6 17. f4 bxa5 18. f5 Nc5 19. f6 exf6 20. Nd5 Kg7 21. Rxf6 Be6 22. e5 Nd7 23. Rxe6 fxe6 24. Nf4 Rxf4 25. gxf4 dxe5 26. fxe5 Qc7 27. Qd4 Rb4 28. Rd1 Qc5 29. Bf1 Qxd4+ 30. Rxd4 Nxe5 31. Rd6 Rxb2 32. Bg2 Nxc4 33. Rxa6 Rb6 34. Ra7+ Kh6 35. Bf1 Nd2 36. Be2 Nb3 37. Bc4 Nd2 38. Be2 Nb3 39. Bc4 e5 40. Bg8 Kg5 41. Rxh7 Nd4 42. Bd5 Rb5 43. Be4 Nf5 44. Ra7 Kf4 45. Bd3 Rc5 46. Ra6 e4 47. Be2 Ke3 48. Bf1 Nh4 49. Rb6 Rg5+ 50. Kh1 Kf2 51. Rf6+ Nf5 0-1

[Event "Summer Prague Open A 2020"]
[Site "Prague"]
[Date "2020.08.09"]
[Round "3.12"]
[White "Mirimanian, Hayk"]
[Black "Marakovits, Nico"]
[Result "0-1"]
[WhiteElo "2268"]
[BlackElo "2105"]
[Annotator "ChessBase"]
[PlyCount "46"]
[EventDate "2020.08.08"]
[EventCountry "CZE"]
[SourceTitle "playchess.com"]
[Source "ChessBase"]
[SourceQuality "1"]
[TimeControl "40/5400+30:1800+30"]

1. e4 {[%emt 0:00:56]} c5 {[%emt 0:00:00]} 2. Nf3 {[%emt 0:00:04]} Nc6 {[%emt 0:00:00]} 3. Bb5 {[%emt 0:00:32]} g6 {[%emt 0:00:00]} 4. Bxc6 {[%emt 0:00:28]} bxc6 {[%emt 0:00:00]} 5. d4 {[%emt 0:04:36]} Bg7 {[%emt 0:00:22]} 6. c3 {[%emt 0:01:36]} cxd4 {[%emt 0:01:29]} 7. cxd4 {[%emt 0:00:06]} Nf6 {[%emt 0:01:25]} 8. e5 {[%emt 0:03:49]} Nd5 {[%emt 0:00:47]} 9. O-O {[%emt 0:00:11]} O-O {[%emt 0:00:31]} 10. Re1 {[%emt 0:04:12]} d6 {[%emt 0:02:21]} 11. Nc3 {[%emt 0:01:31]} Nxc3 {[%emt 0:00:45]} 12. bxc3 {[%emt 0:00:05]} Bg4 {[%emt 0:04:12]} 13. Bf4 {[%emt 0:23:08]} d5 {[%emt 0:06:57]} 14. h3 {[%emt 0:11:06]} Bxf3 {[%emt 0:07:20]} 15. Qxf3 {[%emt 0:00:43]} e6 {[%emt 0:00:13]} 16. Re2 {[%emt 0:18:56]} Rb8 {[%emt 0:02:27]} 17. Rc1 {[%emt 0:01:41]} Qe7 {[%emt 0:02:27]} 18. c4 {[%emt 0:00:44]} Rb4 {[%emt 0:03:22]} 19. Rec2 {[%emt 0:01:20]} Qb7 {[%emt 0:04:39]} 20. cxd5 {[%emt 0:01:56]} cxd5 {[%emt 0:00:13]} 21. Rc7 {[%emt 0:03:20]} Qb6 {[%emt 0:03:49]} 22. Bg5 {[%emt 0:01:30]} Rb1 {[%emt 0:01:56]} 23. Be7 {[%emt 0:00:35]} Qxc7 {[%emt 0:00:39]} 0-1

[Event "Summer Prague Open A 2020"]
[Site "Prague"]
[Date "2020.08.09"]
[Round "3.13"]
[White "Slampa, Jan"]
[Black "Balint, Peter"]
[Result "1-0"]
[WhiteElo "2264"]
[BlackElo "2105"]
[Annotator "ChessBase"]
[PlyCount "55"]
[EventDate "2020.08.08"]
[EventCountry "CZE"]
[SourceTitle "playchess.com"]
[Source "ChessBase"]
[SourceQuality "1"]
[TimeControl "40/5400+30:1800+30"]

1. e4 e5 2. Nf3 Nc6 3. Bb5 a6 4. Ba4 Nf6 5. O-O Be7 6. d3 b5 7. Bb3 d6 8. a3 O-O 9. Nc3 Bg4 10. Be3 Nd4 11. Bxd4 exd4 12. Nd5 c5 13. h3 Bh5 14. Nf4 Bxf3 15. Qxf3 Nd7 16. Qe2 Kh8 17. Nd5 g5 18. f4 gxf4 19. Rxf4 Bg5 20. Rf5 Ne5 21. Qh5 c4 22. Rxg5 cxb3 23. Qh6 Qxg5 24. Qxg5 Nf3+ 25. gxf3 Rg8 26. Qxg8+ Rxg8+ 27. Kf2 bxc2 28. Rc1 1-0

[Event "Summer Prague Open A 2020"]
[Site "Prague"]
[Date "2020.08.09"]
[Round "3.14"]
[White "Narr, Kevin"]
[Black "Dietz, Florian"]
[Result "0-1"]
[WhiteElo "2110"]
[BlackElo "2262"]
[Annotator "ChessBase"]
[PlyCount "76"]
[EventDate "2020.08.08"]
[EventCountry "CZE"]
[SourceTitle "playchess.com"]
[Source "ChessBase"]
[SourceQuality "1"]
[TimeControl "40/5400+30:1800+30"]

1. d4 {[%emt 0:21:24]} Nf6 {[%emt 0:00:00]} 2. Nf3 {[%emt 0:00:04]} g6 {[%emt 0:00:00]} 3. e3 {[%emt 0:01:00]} Bg7 {[%emt 0:00:22]} 4. Be2 {[%emt 0:00:59]} O-O {[%emt 0:00:34]} 5. O-O {[%emt 0:00:06]} d6 {[%emt 0:00:10]} 6. c4 {[%emt 0:00:08]} Nbd7 {[%emt 0:00:28]} 7. Nc3 {[%emt 0:00:25]} e5 {[%emt 0:03:40]} 8. Re1 {[%emt 0:00:51]} e4 {[%emt 0:01:27]} 9. Nd2 {[%emt 0:00:04]} Re8 {[%emt 0:00:09]} 10. Qc2 {[%emt 0:00:11]} Qe7 {[%emt 0:00:30]} 11. b4 {[%emt 0:01:16]} Nf8 {[%emt 0:01:03]} 12. a4 {[%emt 0:00:53]} h5 {[%emt 0:01:25]} 13. a5 {[%emt 0:02:30]} a6 {[%emt 0:02:27]} 14. Ra3 {[%emt 0:01:19]} Bf5 {[%emt 0:02:02]} 15. Nd5 {[%emt 0:04:39]} Qd8 {[%emt 0:09:38]} 16. Bb2 {[%emt 0:03:42]} h4 {[%emt 0:01:45]} 17. Nxf6+ {[%emt 0:05:38]} Qxf6 {[%emt 0:00:56]} 18. h3 {[%emt 0:01:09]} Nh7 {[%emt 0:05:57]} 19. b5 {[%emt 0:07:25]} Ng5 {[%emt 0:03:28]} 20. Bf1 {[%emt 0:00:08]} Qe6 {[%emt 0:06:55]} 21. Kh2 {[%emt 0:07:08]} Qd7 {[%emt 0:03:48]} 22. Qa4 {[%emt 0:03:04]} axb5 {[%emt 0:05:50]} 23. cxb5 {[%emt 0:01:34]} d5 {[%emt 0:00:14]} 24. Rc3 {[%emt 0:02:35]} Ra6 {[%emt 0:11:07]} 25. Rec1 {[%emt 0:04:44]} Rf6 {[%emt 0:02:35]} 26. Rxc7 {[%emt 0:01:18]} Qe6 {[%emt 0:02:07]} 27. b6 {[%emt 0:08:18]} Rb8 {[%emt 0:10:55]} 28. Ba3 {[%emt 0:02:53]} Bxh3 {[%emt 0:01:43]} 29. Kg1 {[%emt 0:12:50]} Qg4 {[%emt 0:03:55]} 30. Qd1 {[%emt 0:01:09]} Nf3+ {[%emt 0:01:04]} 31. Kh1 {[%emt 0:00:01]} Rf5 {[%emt 0:08:14]} 32. Be7 {[%emt 0:02:56]} f6 {[%emt 0:02:09]} 33. Bd6 {[%emt 0:00:06]} Rg5 {[%emt 0:01:34]} 34. g3 {[%emt 0:03:15]} hxg3 {[%emt 0:00:31]} 35. Bxg3 {[%emt 0:00:55]} Bxf1 {[%emt 0:00:19]} 36. Nxf1 {[%emt 0:00:51]} Rh5+ {[%emt 0:00:54]} 37. Nh2 {[%emt 0:00:15]} Qxg3 {[%emt 0:00:40]} 38. Rxg7+ {[%emt 0:00:46]} Kxg7 {[%emt 0:00:27]} 0-1